000 00310nam a2200145Ia 4500
100 _aMusgrave/ Richard A
942 _cBK
654 _aPublic finance
245 _aThe Theory of Public Finance
260 _bMc Graw Hill
_c1959
082 _a336
_bMUS
300 _a628
546 _aENGLISH
999 _c22542
_d22542